| 000 | 00493nas a2200133 a 4500 | ||
|---|---|---|---|
| 008 | 100811c20109999||||||||||||||||| || u | ||
| 020 | _a9789211283365 | ||
| 050 | _aUN-ESCWA(05) | ||
| 110 | _aUnited Nations Economic and Social Commission for Western Asia (ESCWA) | ||
| 245 | 1 | 0 | _aBulletin of Industrial Statistics for the Arab Countries 2001-2007 |
| 260 |
_aNew York _bUnited Nations Economic and Social Commisssion for Western Asia (UN-ESCWA) _c2010 |
||
| 300 | _axvii, 183p. | ||
| 350 | _a0.00 | ||
| 999 |
_c36354 _d36354 |
||